000 00559nam a2200181Ia 4500
008 240729s9999 xx 000 0 und d
022 _a1687-9376
245 0 _aInternational Journal of Forestry Research
260 _aUnited Kingdom
260 _bHindawi Limited
650 _a Forestry | Science
650 _a General. Including nature conservation, geographical distribution
650 _a Natural history (General)
650 _aAgriculture
856 _uhttps://doaj.org/toc/d317cbcc7f5f422bacfca6687ed03cfc
942 _2ddc
942 _cDOAJEJ
999 _c71691
_d71691
945 _a1
_bMadushi Gamage
_c1
_dMadushi Gamage